Statistics for US Northeast Practice Quiz

Click here to take the quiz!

General Stats

  • This quiz has been taken 2,854 times
  • The average score is 9 of 11

Answers on the Map

Answers color-coded by a green-red scale on the quiz's map according to % correct below.
 

Answer Stats

Answer% Correct
Pennsylvania
92%
New York
89%
Maine
85%
Vermont
82%
Maryland
79%
Massachusetts
79%
New Hampshire
78%
Rhode Island
78%
New Jersey
77%
Connecticut
74%
Delaware
74%

Score Distribution

Percentile by Number Answered

Percent of People with Each Score

Your Score History

You have not taken this quiz